[Event "Corus"]
[Site "Wijk aan Zee"]
[Date "2005.01.19"]
[Round "2"]
[White "Kramnik, Vladimir"]
[Black "Topalov, Veselin"]
[Result "0-1"]
[WhiteElo "2754"]
[BlackElo "2757"]
[Annotator "Stohl,I"]
[PlyCount "40"]
[EventDate "2005.01.15"]
[EventType "tourn"]
[EventRounds "13"]
[EventCountry "NED"]
[EventCategory "19"]
[SourceTitle "CBM 105"]
[Source "ChessBase"]
[SourceDate "2005.04.11"]
[SourceVersion "1"]
[SourceVersionDate "2005.04.11"]
[SourceQuality "1"]

1. e4 c5 2. Nf3 d6 3. d4 cxd4 4. Nxd4 Nf6 5. Nc3 a6 6. Be3 e6 7. f3 b5 8. g4 h6
{Lately Black has been trying to do without this prophylactic move,} (8... Nfd7
{was played more often.}) 9. Qd2 b4 $5 {A flank action before finishing
development is always something, which should be considered very carefully and
the reputation of this alternative was not the best. However, modern chess is
a very concrete game, Topalov has a novelty up his sleeve...} (9... Nbd7 10.
O-O-O Bb7 11. h4 b4 12. Na4 {is the older main line, which gradually loses
it's popularity - Black risks more, than White in the arising razor-sharp
positions, for example after} ({The older} 12. Nce2 d5 13. Bh3 dxe4 {is OK for
Black.}) 12... Qa5 13. b3 Nc5 14. a3 Nxa4 15. axb4 Qc7 16. bxa4 d5 17. e5 Nd7
18. f4 Nb6 {recent practice favours White due to} 19. Rh3 $5 Nxa4 20. Bf2 Rc8
21. Be1 $14 ({or even} 21. c4 $5 dxc4 22. Qc2 $36)) 10. Na4 {Just as in the
line from the above note, White initially focused his attention on} (10. Nce2 {
However, here the situation is different and this retreat is far from
exhausted - actually it was tested in Wijk a few rounds later.} e5 11. Nb3 $142
({More active, but paradoxically less promising is} 11. Nf5 d5 12. O-O-O (12.
exd5 Qxd5 13. Bg2 Bb7 14. O-O Nbd7 15. Rfd1 g6 16. Nfg3 Bc5 17. Nf1 Qxd2 18.
Rxd2 e4 19. fxe4 Nxg4 20. Bxc5 Nxc5 21. Nf4 O-O 22. Nd5 a5 23. a3 b3 24. Rad1
Kg7 $11 {Kovacevic,A-Ilincic,Z/YUG Cup Herceg Novi/2000/}) 12... Qa5 ({Black
should open the [+] himself instead of letting White do it, after} 12... Be6
13. Kb1 Nbd7 14. exd5 Bxd5 15. Bg2 Rc8 16. Nc1 Qc7 {Korneev,O-Vera,R/Sevilla
op/2001/} 17. f4 $1 $36 {is pretty annoying.}) 13. Kb1 dxe4 14. fxe4 Be6 15.
Nc1 Nbd7 16. Qg2 Qc7 $13 17. g5 $6 hxg5 18. Bxg5 Qc6 19. Bxf6 Nxf6 20. Nd3 Rd8
21. Re1 g6 22. Nxe5 Qc7 23. Ng4 Nxg4 24. Qxg4 Bxa2+ $1 $40 {Balogh,C-Antal,G/
HUN-ch U20/2001/}) 11... a5 (11... d5 {is less played, but perhaps also
possible:} {The critical line is} 12. O-O-O $5 (12. exd5 Qxd5 13. Qxd5 Nxd5 14.
Bf2 a5 15. O-O-O Bb7 16. Ng3 Nf4 17. Bb5+ Bc6 18. Rhe1 f6 19. Nd4 Bxb5 20. Nxb5
Na6 21. Nf5 g6 22. Nfd6+ (22. Nbd6+ Bxd6 23. Rxd6 Kf7 $5 $13) 22... Bxd6 23.
Rxd6 O-O 24. Bg3 Nh3 25. Rc6 Nb8 26. Rc7 Na6 $11 {Schwartz,Y-Rashkovsky,N/Bern/
2001/}) 12... d4 (12... Be6 13. g5 $1 hxg5 14. Bxg5 d4 15. Bg2 Be7 16. f4 Ng4
17. Bxe7 Qxe7 18. fxe5 Nf2 19. Nexd4 Nxd1 20. Rxd1 Ra7 21. Nc5 Rc7 22. Nd3 Rxh2
23. Nf3 Rh6 24. Nxb4 Rd7 25. Nd5 Qc5 26. Nd4 $16 {Colovic,A-Palac,M/
Saint-Vincent/2001/}) 13. Nexd4 $5 exd4 14. Nxd4 $32 {()|^}) 12. Rd1 $142 $1 (
12. Ng3 a4 13. Nc1 {again gives Black a choice:} Qa5 (13... d5 14. Bb5+ Bd7 15.
Bxd7+ Qxd7 16. g5 (16. exd5 Nxd5 17. Nd3 Nc6 18. Nc5 Bxc5 19. Bxc5 Nf4 20.
O-O-O Qxd2+ 21. Rxd2 Ne6 22. Bd6 f6 23. Ne2 Kf7 $11 {Socko,B-Ibrahimov,R/
EU-chT Plovdiv/2003/}) 16... hxg5 17. Bxg5 dxe4 18. Bxf6 Qxd2+ 19. Kxd2 e3+ (
19... gxf6 20. fxe4 Bh6+ $132) 20. Kxe3 gxf6 21. h4 Ke7 22. Nd3 Nc6 23. f4 a3
24. b3 Rd8 25. h5 {Fedorov,A-Solak,D/EU-ch Istanbul/2003/} Ke6 $13) 14. Bc4 Be6
15. Bxe6 fxe6 16. Nd3 Nc6 17. O-O Be7 18. Qg2 g5 $5 19. c3 bxc3 20. Rac1 Nb4
21. Nxb4 Qxb4 22. Rxc3 d5 23. Qc2 d4 24. Rc4 Qb5 25. Bd2 Kf7 26. Nh1 Nd7 27.
Nf2 Nb6 $132 {Svidler,P-Ilincic,Z/EU-Cup Chalkidiki/2002/}) ({An interesting
idea is blockading the << with} 12. c4 $5 {, but Black should be able to cope
after} a4 (12... Nc6 13. Rd1 Be6 14. Ng3 a4 15. Nc1 g6 16. h4 h5 17. g5 Nd7 18.
Be2 Be7 19. O-O Qa5 20. b3 Nc5 21. f4 exf4 22. Rxf4 axb3 23. axb3 Qa1 24. Nf5
Nxe4 25. Rxe4 gxf5 26. Rf4 Qc3 27. Bf3 $36 {Iordachescu,V-Lutz,C/Calvia olm/
2004/}) 13. Nbc1 Nc6 (13... Qa5 14. Ng3 g6 15. Bd3 $6 (15. h4 $142) 15... Nbd7
16. O-O Nc5 17. Be2 Be6 18. Nd3 Nxd3 19. Qxd3 Be7 20. h3 {Nyysti,S-Szabo,K/
Budapest/2004/} Nd7 $1 {/\Bg5=/+}) 14. Ng3 Nd7 15. Nd3 Qa5 16. Be2 Nc5 17. O-O
Be6 18. Rac1 g6 $13 19. f4 $6 Nxd3 20. Qxd3 exf4 21. Bxf4 Ne5 22. Qd2 Bg7 23.
h3 b3 24. axb3 Qxd2 25. Bxd2 axb3 $36 {Kuznetsov,V-Shtyrenkov,V/Alushta/2004/})
12... a4 (12... Qc7 13. Ng3 g6 14. h4 h5 $6 (14... Be6 $142) 15. Bg5 Nbd7 16.
Bb5 Be7 17. Bxf6 Bxf6 18. gxh5 Ke7 19. hxg6 fxg6 20. h5 $36 {Nijboer,F-Nielsen,
P/Wijk aan Zee B/2005/}) 13. Nbc1 Nc6 14. Ng3 Qa5 15. Nf5 Bxf5 16. gxf5 d5 $5
17. exd5 O-O-O 18. Bc4 Bc5 19. Bxc5 Qxc5 20. Nd3 Qxc4 21. dxc6 e4 22. Qxb4 Qxc6
23. Qc5 Qxc5 24. Nxc5 Rxd1+ 25. Kxd1 Rd8+ 26. Ke2 exf3+ 27. Kxf3 a3 $5 $14 {
<=>,Zhigalko,A-Svidler,P/EU-Cup Rethymnon/2003/}) 10... Nbd7 (10... e5 $6 11.
Nf5 $36 {[%csl Rb6] ><b6}) (10... d5 11. e5 Nfd7 12. f4 $14 {is Ilincic's
favourite, but transposing so abruptly into a French P-structure is
discouraging for most Sicilian players. White can activate his Na4 after b3
via b2 and should be better.} Bb7 13. Bd3 Qa5 14. b3 Nc6 15. Qf2 Rb8 16. f5 $1
Ncxe5 17. fxe6 fxe6 18. O-O Bd6 19. Qh4 Nf8 20. Nxe6 Nxe6 21. Bb6 Qxb6+ 22.
Nxb6 Bc5+ 23. Kg2 $40 {Sammalvuo,T-Ilincic,Z/Budapest/2004/}) 11. O-O-O (11.
Qxb4 d5 12. Qd2 dxe4 $15) (11. Nc6 Qc7 12. Nxb4 d5 $5 $36 {[%csl Ra4,Rb4][%cal
Rc7a5] /\Qa5,פ}) 11... Ne5 $5 $146 {[%mdl 8] An interesting and promising
novelty, previous attempts were not too encouraging:} (11... d5 12. exd5 Nxd5
13. Bc4 Bb7 $6 {[%csl Re6] ><e6} ({Safer was} 13... N7f6 $142) 14. Rhe1 Ne5 15.
Bb3 Qc7 16. Bf2 Be7 17. Kb1 Ng6 18. Bg3 (18. Rxe6 $1 fxe6 19. Nxe6 Qd7 20. Qe1
$1 $40 {Z.Almasi}) 18... Qa5 19. Nxe6 $5 fxe6 20. Rxe6 $32 {|^} Rd8 21. Qe1 O-O
22. Rxg6 $16 {Almasi,Z-Movsesian,S/Budapest/2003/}) (11... Qa5 12. b3 d5 $2 {
failed tactically to} (12... Nc5 $2 13. Nc6 Qc7 14. Bxc5 $16) (12... Bb7 $142
$132) 13. e5 $1 Ng8 (13... Nxe5 14. Nxe6 $1 {[%csl Ra5][%cal Re3b6] /\Bb6+-,
ףa5}) 14. f4 Qc7 15. Kb1 g5 16. f5 Nxe5 17. fxe6 fxe6 18. h4 gxh4 19. g5 hxg5
20. Bxg5 Nf7 21. Bh3 e5 22. Ne6 Bxe6 23. Bxe6 d4 24. Rdf1 $18 {->,Leko,
P-Movsesian,S/Budapest/2003/}) 12. Qxb4 ({A more recent try of a better
prepared opponent was} 12. b3 $5 {However, this novelty is also far from clear
and the final result of the Anand-Topalov game was only indirectly influenced
by the opening battle.} d5 (12... Bd7 $5 {/\} 13. Nb2 Qa5 (13... d5 $5 $13) 14.
a4 (14. Kb1 $2 Nxf3 $1 15. Nxf3 Nxe4 $17) 14... d5 $13) 13. Bf4 Bd6 (13... Ng6
$5 14. Nc6 Nxe4 $5 (14... Qd7 15. Ne5 Nxe5 16. Bxe5 $36) 15. fxe4 Qf6 16. e5
Qxf4 17. Qxf4 Nxf4 18. Nb6 Bb7 19. Nxa8 Bxa8 20. Nb8 $5 (20. Nd4 Ng6 $44) 20...
a5 $13 {[%csl Re5,Gf4] ><e5}) 14. Bxe5 Bxe5 15. Nc6 Qc7 16. Nxe5 Qxe5 17. Qxb4
dxe4 18. Nb6 Rb8 19. Kb1 Qc7 20. Qa4+ Kf8 21. Nxc8 Rxc8 22. Qc4 Qxc4 23. Bxc4
a5 24. Ba6 Rb8 25. fxe4 h5 (25... Nxe4 $5 26. Rd4 Nc5 $14 {/<=>}) 26. gxh5 Nxe4
27. Rd4 Nf6 28. Be2 Nxh5 29. Rh4 g6 30. Rg1 Ke7 31. Ra4 Ra8 32. Bf3 Ra7 33. Rg5
$36 {Anand,V-Topalov,V/Linares/2005/}) 12... Bd7 {[%csl Ra4,Rb4,Gd7,Re6] פa4,
Qb4 The Bd7 covers the traditionally vulnerable Pe6 and targets the sidelined
Na4.} 13. Nb3 $6 {[%mdl 64] The surprised Kramnik loses control and reacts
badly in a volatile position, full of tactics.} (13. Nc3 $142 {Even the
"silicon friend" indicates this after some thought as the best option, as
Black can't immediately trap White's Q. The annotator had to face this very
move himself only 3 days after Kramnik-Topalov!} Qc7 $5 {[%cal Rd6d5] /\d5-+} (
13... d5 $143 $6 14. Qb7 Rb8 15. Qxa6 Bb4 16. Ndb5 $32 {->}) 14. Bf4 ({
Deserving attention is} 14. Qb3 $5 Rb8 15. Qa3 Nc4 16. Bxc4 Qxc4 17. Nb1 $5 d5
18. Nd2 Qc8 $13 (18... Qc7 $5 $44)) 14... g5 15. Bg3 h5 $1 16. h4 $6 (16. gxh5
$142 Nxh5 17. Be2 Nf4 $44) 16... hxg4 17. Bxa6 $2 (17. fxg4 Nfxg4 $15) 17...
Rxa6 18. hxg5 Rxh1 19. Rxh1 Rb6 $1 20. Ndb5 Bxb5 21. Bxe5 (21. Nxb5 $2 Nd3+ 22.
Kb1 Qxc2+ $1 $19) 21... Bd7 22. Qa5 dxe5 23. gxf6 gxf3 $17 {/-+} 24. Nd1 Bc6 $6
25. Nf2 $2 $138 (25. Qc3 $8 $17) 25... Bb4 $1 {Balinov,I-Stohl,I/Betriebsliga
Vienna/2005/ In the end White's Q didn't escape its fate!}) 13... Rb8 $6 {
This is possibly not ideal.} (13... Nxf3 $142 14. Nb6 Rb8 $15) ({or} 13... a5
$5 14. Qa3 Nxf3 $36 {were promising alternatives.}) 14. Qa3 $2 {[%mdl 8192]
After this resigned move White goes under without a trace.} (14. Nb6 Nc6 (14...
Nxf3 $5 {-13...Nf3}) 15. Qa4 Rxb6 16. Bxb6 Qxb6 17. Qxa6 Qe3+ 18. Nd2 Ne5 19.
h4 (19. Qa8+ Ke7 20. h4 g6 {[%cal Rf8g7] /\Bg7->}) 19... Be7 $17) (14. Bb6 $142
Rxb6 (14... Nxf3 15. Qa5 $13) 15. Qxb6 (15. Nxb6 Nc6 $17 {-14.Nb6}) 15... Bxa4
16. Qxa6 Bd7 {Although White's P are in front of his K and Black's minor
pieces should prevail in the long run, the game is far from decided. Black
still hasn't finished developing his >> and White can create complications with
} (16... Bxb3 $6 {is perhaps possible, but quite risky after} 17. Bb5+ $44) 17.
f4 $5 $132 {/=/+}) 14... Nxf3 {[%csl Re4,Rg4] ><g4,e4 White's centre is
falling apart and he also lacks piece coordination.} 15. h3 Nxe4 16. Be2 (16.
Bg2 Ne5 $1 {/\} 17. Bxe4 Nc4 $19) 16... Ne5 17. Rhe1 (17. Bxa6 Qc7 {[%cal
Rc7c6,Rd6d5] /\Qc6,d5-+}) 17... Qc7 $19 {[%csl Ra4,Rb3,Ge4,Ge5] פ Black is
already a healthy P up, just compare his N with White's.} 18. Bd4 Nc6 19. Bc3
d5 20. Nbc5 Qa7 (20... Qa7 21. b4 $8 Nxc3 22. Qxc3 Nxb4 {[%cal Rb4a2] /\Na2}
23. Kd2 Bxa4 24. Nxa4 Be7 $1 $19 {[%cal Re7g5] /\Bg5}) 0-1

[Event "Dortmund-A"]
[Site "Dortmund"]
[Date "1991.??.??"]
[Round "4"]
[White "Nunn, John DM"]
[Black "Stohl, Igor"]
[Result "0-1"]
[WhiteElo "2600"]
[BlackElo "2550"]
[Annotator "Stohl,I"]
[PlyCount "152"]
[EventDate "1991.03.23"]
[EventType "tourn"]
[EventRounds "9"]
[EventCountry "GER"]
[EventCategory "12"]
[SourceTitle "CBM 023"]
[Source "ChessBase"]
[SourceDate "1991.08.01"]
[SourceVersion "1"]
[SourceVersionDate "1991.08.01"]
[SourceQuality "1"]

1. e4 c5 2. Nf3 d6 3. d4 cxd4 4. Nxd4 Nf6 5. Nc3 a6 6. Be3 e6 7. f3 b5 8. g4 h6
9. Qd2 (9. h4 b4 10. Nce2 e5 11. Nb3 d5 12. Ng3 d4 13. Bf2 Be6 14. Bd3 Nbd7 15.
Qe2 $1 {N} (15. Rg1 Be7 $1 16. g5 hxg5 17. hxg5 Nh7 18. f4 exf4 19. Nh5 Bxb3
20. axb3 Ne5 21. Nxg7+ Kf8 22. Nf5 Nxg5 $17 {Fedorowicz,J-Browne,W,Chicago 1989
}) 15... a5 16. Rg1 a4 17. Nd2 Nc5 $6 (17... g6 $142 18. h5 $14) 18. Bb5+ Nfd7
19. f4 $1 exf4 20. Nf5 b3 21. Bxd4 bxc2 22. Nc4 $1 $40 {Nunn,J-Neurohr,S,
Bundesliga 1990/91}) 9... Nbd7 10. O-O-O Bb7 11. h4 $1 b4 12. Nce2 d5 13. Ng3
$5 (13. Bh3 Ne5 $5 $13) 13... e5 {N} (13... dxe4 $6 14. g5 hxg5 15. hxg5 Rxh1
16. Nxh1 Nd5 17. g6 $40) (13... Qc7 $2 14. g5 Qxg3 15. Bf4 Nxe4 16. Qe3 $18) (
13... Bd6 14. Ngf5 $5 exf5 15. Nxf5 Bf8 $8 16. e5 $5 (16. exd5 Qa5 17. Bc4
O-O-O $15) 16... Ng8 (16... Nxe5 17. Bd4 Nxf3 18. Qe3+ Ne4 19. Qxf3 $16) 17.
Bd4 $146 {()}) 14. Nb3 $1 (14. Ndf5 $6 d4 15. Bf2 g6 16. Nxd4 exd4 17. Bxd4 Bc5
$15) (14. exd5 exd4 (14... Nxd5 $2 15. Ndf5 $16) 15. Bxd4 Qa5 $13) 14... d4 (
14... dxe4 15. fxe4 $1 Nxe4 (15... Nxg4 16. Bh3 Ndf6 17. Qe2 $16) 16. Nxe4 Bxe4
17. Bg2 Bxg2 18. Qxg2 $16) 15. Bf2 Qc7 (15... g6 $5 16. h5 (16. g5 hxg5 17.
hxg5 Rxh1 18. Nxh1 Nh5 {/\Be7><g5}) 16... g5 17. Nf5 $14) 16. Bh3 $1 g5 $8 17.
Bf1 $1 Rg8 18. Kb1 a5 19. Bd3 (19. Nc1 $142 a4 20. Nd3 $36) 19... a4 20. Nc1 a3
(20... Nc5 21. Bb5+ Bc6 22. Bxc6+ Qxc6 23. Nd3 $16) 21. b3 Qc3 $1 $8 22. Qxc3
bxc3 23. Nf5 Bc6 $2 (23... Ba6 24. Bg3 Bxd3 25. Nxd3 Ra5 $14 {/\Kd8,Ne8,f6><f2}
) (23... Nc5 $5 24. Bb5+ Nfd7 {/\Ba6}) 24. Ne2 $6 (24. Bg3 $1 {Zugzwang} Ra5
25. Rh2 Nb6 26. b4 $1 Bxb4 27. Nb3 $18) 24... Nc5 $2 (24... Nb6 $13 {/\Nfd7})
25. Bc4 Nfd7 26. hxg5 hxg5 27. Rh7 (27. Nh6 Bxh6 (27... Rg7 28. Ng3 Nb6 29. Nh5
Nxc4 $146 {Nunn}) 28. Rxh6 Rg6 29. Rdh1 Nf8 $13) 27... Ne6 28. Rdh1 $2 (28.
Nexd4 $1 exd4 29. Nxd4 Nf6 30. Rxf7 $1 $18) 28... Nb6 $13 29. Bd3 Nc5 30. Nc1
$8 Bd7 $1 31. Be2 Bxf5 32. gxf5 $2 (32. exf5 $142 $13) 32... Bg7 33. R1h5 Bf6
$6 $138 (33... f6 $1 $17 {/\Kf7,Rh8}) 34. R5h6 Ke7 35. Nd3 (35. Rxf6 $5 Kxf6
36. Rh6+ Ke7 37. Rxb6 f6 $44 {><f2,c1}) 35... Nxd3 36. Bxd3 Rh8 37. Kc1 Rxh7
38. Rxh7 Rh8 39. Rxh8 Bxh8 40. Kd1 Nd7 $19 41. Ke2 (41. Kc1 Nb8 42. Bc4 (42.
Bb5 Kd6 43. Be8 f6 44. Bh5 Nc6 {/\Nb4,Kc5-b6,Bg7-f8-c5,d3-+}) 42... Nc6 43. Kb1
Nb4 44. Bg3 f6 {/\Kf8-g7-h6,Bg7-f8-c5,g4-+}) 41... Nb8 42. Bb5 Kd6 43. b4 $8 (
43. Kd1 Kc5 44. Be8 Na6 45. Bxf7 Nb4 $19) 43... Nc6 44. Bc4 (44. Bxc6 Kxc6 45.
Kd3 Kb5 {/\Kb4,f6,Bg7-f8,Kb5-c6-d7-e8-f7-g7-h6,g4-+}) 44... Nxb4 45. Kd1 Ke7 (
45... f6 $142) 46. Bg3 f6 47. Be1 Bg7 48. Bb3 Bh6 (48... Bf8) 49. Bf2 Na6 $6
$138 50. Bd5 Nc5 51. Bg1 Na4 52. Bb3 Nb2+ $6 53. Ke2 Kd6 54. Bf2 Kc5 55. Be1
Kb4 56. Bf2 Na4 57. Bd5 Nc5 58. Kd1 Bf8 59. Bg1 Na4 60. Bf2 Bc5 61. Be1 Bb6 62.
Ke2 (62. Kc1 Nb2 $1 63. Bg3 d3 64. cxd3 Bf2 $1 $19) (62. Bg3 Kb5 {/\Nc5-a6-b4-+
}) 62... Nc5 63. Bf2 Na6 64. Be1 (64. Kd1 Kc5 65. Kc1 Nb4 66. Bf7 Kd6 67. Bg3
Ke7 68. Bc4 Kf8 69. Kb1 Kg7 70. Be2 Kh6 71. Be1 g4 72. fxg4 Kg5 73. Bg3 Bc5 74.
Bd1 d3 75. cxd3 Bd4 $1 $19 76. Be1 Nxd3 77. Bxc3 Bxc3 78. Kc2 Nf2) 64... Kb5
65. Kd1 Nb4 66. Bb3 d3 $1 (66... Kc6 $19) 67. Bxc3 (67. cxd3 Bd4 $19) 67...
dxc2+ 68. Bxc2 Nxa2 69. Bd3+ (69. Kd2 Ba5 $19) 69... Kc5 70. Be1 (70. Ba1 Kd6 {
/\Bd4}) 70... Nb4 71. Bb1 (71. Bxb4+ Kxb4 72. Kc2 Bd4 73. Kb1 Kc3 74. Be2 (74.
Bb5 Kb3 $19) 74... Kd2 $19) 71... Kc4 72. Bxb4 Kxb4 73. Kc2 Kc4 74. Ba2+ Kd4
75. Bf7 (75. Kd2 Ba5+) 75... g4 76. fxg4 Kxe4 {[Stohl,I]} 0-1